| 000 | 00651nam a22001697a 4500 | ||
|---|---|---|---|
| 999 |
_c11520 _d11520 |
||
| 008 | 181206b ||||| |||| 00| 0 eng d | ||
| 082 |
_22017 _aUT 1058 _bY17 |
||
| 100 |
_aYanong, Lara Nicole G. _933041 |
||
| 245 |
_aUM Digos College online resources for Business Administration Department / _cLara Nicle G. Yanong, Jenelyn T. Roble, Roda B. Bon |
||
| 260 |
_aDigos City: _bUMDC _cFebruary 2017. |
||
| 300 |
_a96 pages ; _c29 cm. |
||
| 650 |
_aTechnical Program _vInformation Technology _xUndergraduate thes _933042 |
||
| 700 |
_aYanong, Lara Nicole G. _933041 |
||
| 700 |
_aRoble, Jenelyn T. _933043 |
||
| 700 |
_aBon, Roda B. _933044 |
||
| 942 |
_2ddc _cUT |
||